000
00292nam a22001337a 4500
008
170629b xxu||||| |||| 00| 0 eng d
020
_a
0030475139
041
_a
eng
080
_a
82
100
_a
22
101
_a
GJL
245
_a
INTRODUCTION TO LITERATURE
_c
BECK.I.L
942
_2
udc
_c
BK
999
_c
19561
_d
19561